ბათუმის შოთა რუსთაველის სახელმწიფო უნივერსიტეტის ბიბლიოთეკა

XX საუკუნის ქართული მწერლობა (ბიბ.ჩანაწერი № 43186)

000 -LEADER
fixed length control field 01137nam a2200265Ia 4500
001 - CONTROL NUMBER
control field 9908
003 - CONTROL NUMBER IDENTIFIER
control field GE_BSU
008 - FIXED-LENGTH DATA ELEMENTS--GENERAL INFORMATION
fixed length control field 181216s||||||||xx |||||||||||||| ||und||
020 ## - INTERNATIONAL STANDARD BOOK NUMBER
International Standard Book Number 9992879173
040 ## - CATALOGING SOURCE
Transcribing agency GE_BSU
080 ## - UNIVERSAL DECIMAL CLASSIFICATION NUMBER
Universal Decimal Classification number 821.353.1.09+821.353.1.092
100 ## - MAIN ENTRY--PERSONAL NAME
Personal name ნიკოლეიშვილი,ავთანდილ
245 ## - TITLE STATEMENT
Title XX საუკუნის ქართული მწერლობა
245 ## - TITLE STATEMENT
Remainder of title ქართული ლიტერატურის ისტორია და კრიტიკა,ქართველი მწერლები
245 ## - TITLE STATEMENT
Statement of responsibility, etc. რედ.ოთარ გიორგაძე
260 ## - PUBLICATION, DISTRIBUTION, ETC.
Place of publication, distribution, etc. ქუთაისი
260 ## - PUBLICATION, DISTRIBUTION, ETC.
Name of publisher, distributor, etc. ქსუ
260 ## - PUBLICATION, DISTRIBUTION, ETC.
Date of publication, distribution, etc. 2002
300 ## - PHYSICAL DESCRIPTION
Extent 604გვ.28სმ.
520 ## - SUMMARY, ETC.
Summary, etc. რეზიუმე ინგლ.ენაზე
653 ## - INDEX TERM--UNCONTROLLED
Uncontrolled term XX საუკუნის ქართული მწერლობა
653 ## - INDEX TERM--UNCONTROLLED
Uncontrolled term ქართული ლიტერატურის ისტორია და კრიტიკა,ქართველი მწერლები
942 ## - ADDED ENTRY ELEMENTS (KOHA)
Koha item type წიგნი
ეგზემპლარები
Withdrawn status Lost status Damaged status Not for loan Date acquired Barcode Date last seen Price effective from Koha item type
        2018-12-17 33197 2018-12-17 2018-12-17 წიგნი
        2018-12-17 33198 2018-12-17 2018-12-17 წიგნი